000 00966nam a2200289 a 4500
001 BRL_67
005 20190320210556.0
008 041012c19uu----sz-a######---#000-0#fre-#
041 _afre
044 _asz
050 4 _aF2230.1S7
_b.V57 1959
245 1 0 _aVisages de bronze
_cphotographies de Pierre Allard et Philippe Luzuy ; préface de Paul Morand.
260 _aNeuchâtel
_bIdes et Calendes
_c[19--?]
300 _a72 p.
_bil.
_c29 cm.
440 0 _aDans la meme
_v25
_922816
500 _aAu63
651 4 _aIndígenas de América del Sur
_xVida social y costumbres
_922817
651 4 _aIndígenas de Ecuador
_xVida social y costumbres
_922818
651 4 _aIndígenas de Bolivia
_xVida social y costumbres
_922819
651 4 _aEcuador
_xCivilización
_922820
651 4 _aBolivia
_xCivilización
_922821
700 1 _aAllard, Pierre
_eil.
_922822
700 1 _aMorand, Paul
_915499
700 1 _aLuzuy, Philippe
_922823
902 _aGRL
942 _2lcc
_cB
999 _c8880
_d8880